Missing Word: James Patterson's Books Quiz Stats

 Plays Quiz not verified by Sporcle

Also try: Shakespeare Quotes
Challenge
Share
Tweet
Embed
Score 0/13 Timer 04:00
0 Plays Today
Title Missing Word % Correct
Alex ___Cross
94.3%
Along___ A SpiderCame
94.3%
Tick ___Tock
93.4%
Cross My Heart
91%
___ and MouseCat
91%
___ The GirlsKiss
87.7%
Mary, _____Mary
86.1%
Beach ___House
82%
___ BridgesLondon
58.2%
Confessions of a ____ SuspectMurder
57.4%
Alex Cross's ____Trial
41.8%
Maximum Ride: The ____ ExperimentAngel
38.2%
The 8th ___Confession
36.9%

You're not logged in!

Compare scores with friends on all Sporcle quizzes.
Join for Free
OR
Log In

You Might Also Like...

Show Comments

Extras

Top Quizzes Today


Score Distribution

Your Account Isn't Verified!

In order to create a playlist on Sporcle, you need to verify the email address you used during registration. Go to your Sporcle Settings to finish the process.

Report this User

Report this user for behavior that violates our Community Guidelines.

Details: